The alchemist (Record no. 9842)
[ view plain ]
| 000 -LEADER | |
|---|---|
| fixed length control field | 00592 a2200193 4500 |
| 020 ## - INTERNATIONAL STANDARD BOOK NUMBER | |
| International Standard Book Number | 0-7225-3293-8 |
| 040 ## - CATALOGING SOURCE | |
| Original cataloging agency | DLC |
| Language of cataloging | DLC |
| 100 1# - MAIN ENTRY--PERSONAL NAME | |
| Personal name | Coelho, Paulo, |
| 245 04 - TITLE STATEMENT | |
| Title | The alchemist |
| Statement of responsibility, etc. | Paulo Coelho ; translated by Alan R. Clarke |
| 260 ## - PUBLICATION, DISTRIBUTION, ETC. | |
| Place of publication, distribution, etc. | London : |
| Name of publisher, distributor, etc. | HarperCollins, |
| Date of publication, distribution, etc. | 1999 |
| 300 ## - PHYSICAL DESCRIPTION | |
| Extent | 177p ; |
| Dimensions | 20cm |
| 500 ## - GENERAL NOTE | |
| General note | Original English translation published: San Francisco : HarperSanFrancisco, 1993 |
| 500 ## - GENERAL NOTE | |
| General note | Orig:s titel: O alquimista |
| 500 ## - GENERAL NOTE | |
| General note | Frsta engelska upplaga |
| 650 #7 - SUBJECT ADDED ENTRY--TOPICAL TERM | |
| Topical term or geographic name entry element | Sknlitteratur |
| 655 #4 - INDEX TERM--GENRE/FORM | |
| Genre/form data or focus term | Bok |
| 700 1# - ADDED ENTRY--PERSONAL NAME | |
| Personal name | Clarke, Alan R. |
| Relator code | trl |
| 942 ## - ADDED ENTRY ELEMENTS (KOHA) | |
| Koha item type | Book |
| Call number prefix | 869.3 COE |
| Source of classification or shelving scheme | |
| Withdrawn status | Lost status | Damaged status | Not for loan | Collection code | Permanent Location | Current Location | Shelving location | Date acquired | Source of acquisition | Cost, normal purchase price | Total Checkouts | Total Renewals | Full call number | Barcode | Date last seen | Date last checked out | Price effective from | Koha item type | Source of classification or shelving scheme | Checked out |
|---|---|---|---|---|---|---|---|---|---|---|---|---|---|---|---|---|---|---|---|---|
| Central Library (CL) | Central Library (CL) | General Stacks | 12/29/2005 | New Public Book | 930.87 | 16 | 7 | 869.3 COE | SEECS006783 | 01/26/2026 | 01/04/2026 | 01/05/2017 | Book | |||||||
| Central Library (CL) | Central Library (CL) | Fiction | 01/28/2019 | Donation | 12 | 4 | 869.3 COE | CL-D-308 | 09/15/2025 | 09/15/2025 | 01/28/2019 | Book | 10/15/2025 | |||||||
| Central Library (CL) | Central Library (CL) | Fiction | 01/28/2019 | Donation | 17 | 8 | 869.3 COE | CL-D-309 | 09/11/2025 | 09/11/2025 | 01/28/2019 | Book | 10/11/2025 | |||||||
| Central Library (CL) | Central Library (CL) | Fiction | 07/27/2021 | Donated by NUST Student | 9 | 11 | 869.3 COE | CL-D-1137 | 09/02/2024 | 05/30/2024 | 07/27/2021 | Book |
